000 00617nam a2200229 i 4500
001 5829
003 ES-MaACL
005 20230906144712.0
007 t|
008 890531s1987 sp ||||1| spa d
020 _a84-86747-06-6
080 _a86-1"19"(082.2)
245 0 0 _aVoces poeticas del 87.
250 _a1a ed.
260 _aBarcelona :
_bSeuba,
_c1987.
300 _a191 p. ;
_c20 cm.
490 1 _aEl juglar y la luna ;
_v5
650 4 _aPoesías españolas-
_yS.XX.
_916221
830 0 _aEl juglar y la luna ;
_v5
_9177351
852 _aES-MaACL
_jL-12975
_bR.116499
_z. - rust.
999 _c5829
_d5829